[Event "BCF-chT2a 1920 (4NCL)"]
[Site "Daventry"]
[Date "2020.02.08"]
[Round "5.44"]
[White "Snape, Ian L"]
[Black "Oswald, Graeme"]
[Result "1/2-1/2"]
[WhiteElo "2200"]
[BlackElo "2152"]
[PlyCount "71"]
[EventDate "2020.01.11"]
[EventType "team-tourn"]
[EventRounds "11"]
[EventCountry "ENG"]
[SourceTitle "CBM 194 Extra"]
[Source "ChessBase"]
[SourceDate "2020.03.31"]
[SourceVersion "1"]
[SourceVersionDate "2020.03.31"]
[SourceQuality "1"]
[WhiteTeam "The ADS"]
[BlackTeam "North East England"]
[WhiteTeamCountry "ENG"]
[BlackTeamCountry "ENG"]

1. e4 c5 2. Nc3 Nc6 3. Nf3 e6 4. d4 cxd4 5. Nxd4 d6 6. Be3 a6 7. Bc4 Bd7 8. Qe2 b5 9. Bb3 Nf6 10. Nxc6 Bxc6 11. f3 Be7 12. 0-0-0 Nd7 13. Qf2 a5 14. a4 b4 15. Ne2 0-0 16. Nd4 Qc8 17. Kb1 Nc5 18. Nxc6 Qxc6 19. Bxc5 dxc5 20. Qe2 Rab8 21. f4 Rfc8 22. Qc4 Qc7 23. g3 g6 24. Rd3 Rd8 25. Rhd1 Rxd3 26. Rxd3 Rd8 27. Rxd8+ Bxd8 28. Qd3 Bf6 29. e5 Be7 30. Qe4 Kg7 31. Ka2 Qd7 32. g4 Bd8 33. Qd3 Qxd3 34. cxd3 g5 35. f5 Bc7 36. fxe6 1/2-1/2

[Event "BCF-chT1a 1819 (4NCL)"]
[Site "England"]
[Date "2019.01.12"]
[Round "3.37"]
[White "Oswald, Graeme"]
[Black "Jackson, James P"]
[Result "1/2-1/2"]
[WhiteElo "2143"]
[BlackElo "2377"]
[PlyCount "165"]
[EventDate "2018.11.10"]
[EventType "team-tourn"]
[EventRounds "7"]
[EventCountry "ENG"]
[SourceTitle "CBM 188 Extra"]
[Source "ChessBase"]
[SourceDate "2019.02.26"]
[SourceVersion "1"]
[SourceVersionDate "2019.02.26"]
[SourceQuality "1"]
[WhiteTeam "North East England"]
[BlackTeam "Barbican"]
[WhiteTeamCountry "ENG"]
[BlackTeamCountry "ENG"]

1. g3 e5 2. Bg2 d5 3. c4 dxc4 4. Qa4+ c6 5. Qxc4 Be6 6. Qc2 Ne7 7. Nf3 f6 8. 0-0 Nf5 9. d3 Na6 10. a3 Nc5 11. Nbd2 a5 12. b3 Be7 13. Rb1 0-0 14. Bb2 Qe8 15. e4 Nh6 16. d4 exd4 17. Nxd4 Bd7 18. Nc4 Qh5 19. Nb6 Rad8 20. Nxd7 Rxd7 21. h3 Rfd8 22. Rbd1 Na6 23. Nf3 Qc5 24. Qe2 Rxd1 25. Rxd1 Rxd1+ 26. Qxd1 Qd6 27. Qe1 Nf7 28. Nd4 Qc5 29. Kh2 Qb6 30. Qd1 Nc5 31. f4 Bf8 32. Qc2 Qa6 33. Kg1 Qd3 34. b4 axb4 35. axb4 Qe3+ 36. Kh2 Nd3 37. Nf5 Qf2 38. Qxf2 Nxf2 39. b5 cxb5 40. Bd4 Nd3 41. Bf1 Nc5 42. e5 fxe5 43. fxe5 g6 44. Ne3 Ne6 45. Bb2 Bc5 46. Nc2 Nc7 47. Kg2 Kf8 48. h4 Nd8 49. Nd4 b4 50. Kf3 Nc6 51. Nb3 Bg1 52. g4 Ne6 53. Ke4 Bf2 54. h5 Ke7 55. Bd3 Bg3 56. Bc2 Be1 57. hxg6 hxg6 58. Kd3 Kf7 59. Kc4 Bc3 60. Bxc3 bxc3 61. Kxc3 Nxe5 62. Na5 b6 63. Nc4 Nxc4 64. Kxc4 g5 65. Bd1 Kf6 66. Kb5 Ke5 67. Kxb6 Nf4 68. Kc6 Nd5 69. Kd7 Ne3 70. Be2 Kf4 71. Ke6 Nxg4 72. Kf7 Ne5+ 73. Kf6 Nc6 74. Bd1 Nd4 75. Kg6 Nb5 76. Kf6 Nc3 77. Bh5 Ne4+ 78. Kg6 Nf2 79. Kf6 Nh3 80. Kg6 Ng1 81. Kf6 Nf3 82. Bxf3 Kxf3 83. Kxg5 1/2-1/2

[Event "GBR-ch 99th"]
[Site "North Shields"]
[Date "2012.07.28"]
[Round "6"]
[White "Burke, Mitchell R"]
[Black "Oswald, Graeme"]
[Result "1-0"]
[WhiteElo "1917"]
[BlackElo "2178"]
[PlyCount "85"]
[EventDate "2012.07.23"]
[EventType "swiss"]
[EventRounds "11"]
[EventCountry "ENG"]
[SourceTitle "CBM 149 Extra"]
[Source "ChessBase"]
[SourceDate "2012.08.24"]
[SourceVersion "1"]
[SourceVersionDate "2012.08.24"]
[SourceQuality "1"]

1. e4 c5 2. Nc3 Nc6 3. f4 g6 4. Nf3 Bg7 5. Bb5 Nd4 6. 0-0 Nxb5 7. Nxb5 d5 8. e5 d4 9. c3 a6 10. Na3 d3 11. Nc4 h5 12. Qe1 Nh6 13. b3 0-0 14. Qe3 b6 15. Nb2 Bf5 16. h3 Qd5 17. c4 Qd7 18. Ne1 Rad8 19. Na4 Qc6 20. Bb2 Rd7 21. Nc3 e6 22. Nd1 b5 23. Rc1 b4 24. Nf2 Rfd8 25. Nf3 Bf8 26. g3 Be7 27. Nh2 Kg7 28. Qf3 Qxf3 29. Nxf3 a5 30. Ng5 a4 31. Kg2 Ra7 32. Kf3 axb3 33. axb3 Ra2 34. Rb1 f6 35. exf6+ Bxf6 36. Bxf6+ Kxf6 37. g4 hxg4+ 38. hxg4 e5 39. gxf5 gxf5 40. Rh1 exf4 41. Rxh6+ Kxg5 42. Rbh1 Rxd2 43. R1h5# 1-0

[Event "GBR-ch 99th"]
[Site "North Shields"]
[Date "2012.07.25"]
[Round "3"]
[White "Jain, Radha"]
[Black "Oswald, Graeme"]
[Result "1-0"]
[WhiteElo "1868"]
[BlackElo "2178"]
[PlyCount "39"]
[EventDate "2012.07.23"]
[EventType "swiss"]
[EventRounds "11"]
[EventCountry "ENG"]
[SourceTitle "CBM 149 Extra"]
[Source "ChessBase"]
[SourceDate "2012.08.24"]
[SourceVersion "1"]
[SourceVersionDate "2012.08.24"]
[SourceQuality "1"]

1. d4 Nf6 2. Nf3 e6 3. c4 Bb4+ 4. Bd2 a5 5. g3 d5 6. cxd5 exd5 7. Nc3 0-0 8. Bg2 c6 9. a3 Bd6 10. 0-0 Re8 11. Rc1 Bg4 12. Ne1 Qd7 13. Nd3 b5 14. Re1 Bh3 15. Bh1 Qf5 16. Bf4 Bxf4 17. Nxf4 Bg4 18. f3 g5 19. fxg4 Nxg4 20. e4 1-0

[Event "GBR-ch 99th"]
[Site "North Shields"]
[Date "2012.07.24"]
[Round "2"]
[White "Oswald, Graeme"]
[Black "Bhatia, Kanwal K"]
[Result "1/2-1/2"]
[WhiteElo "2178"]
[BlackElo "2103"]
[PlyCount "110"]
[EventDate "2012.07.23"]
[EventType "swiss"]
[EventRounds "11"]
[EventCountry "ENG"]
[SourceTitle "CBM 149 Extra"]
[Source "ChessBase"]
[SourceDate "2012.08.24"]
[SourceVersion "1"]
[SourceVersionDate "2012.08.24"]
[SourceQuality "1"]

1. g3 e5 2. Bg2 Nc6 3. c4 Bc5 4. Nc3 d6 5. e3 Nge7 6. Nge2 0-0 7. 0-0 a6 8. d4 Ba7 9. d5 Nb8 10. b4 Nd7 11. Bb2 f5 12. Rc1 Qe8 13. a4 Qh5 14. a5 Rf6 15. Qd2 Rh6 16. h3 Nf6 17. f4 Bd7 18. Kf2 g5 19. Ke1 exf4 20. exf4 g4 21. h4 Re8 22. Kd1 Qf7 23. Nd4 Nh5 24. Nce2 Ba4+ 25. Ke1 Bd7 26. Rc3 c6 27. Re3 cxd5 28. cxd5 Nf6 29. Re6 Bxd4 30. Nxd4 Nexd5 31. Rxe8+ Qxe8+ 32. Kf2 Ne4+ 33. Bxe4 fxe4 34. Nc2 e3+ 35. Nxe3 Qxe3+ 36. Qxe3 Nxe3 37. Kxe3 Bf5 38. Kd4 Re6 39. Kd5 Kf7 40. Rc1 Be4+ 41. Kc4 Kg6 42. b5 axb5+ 43. Kxb5 Re7 44. Ba3 Rd7 45. Rd1 d5 46. Bc5 Kf5 47. Bd4 Bc2 48. Re1 Be4 49. Kb6 Rf7 50. Re3 Rd7 51. Rc3 Bg2 52. Re3 Be4 53. Ka7 Rc7 54. Rc3 Rxc3 55. Bxc3 d4 1/2-1/2

[Event "GBR-ch 94th"]
[Site "Great Yarmouth"]
[Date "2007.07.31"]
[Round "2"]
[White "Oswald, Graeme"]
[Black "Walker, Martin Graham"]
[Result "1-0"]
[WhiteElo "2147"]
[BlackElo "2262"]
[PlyCount "79"]
[EventDate "2007.07.30"]
[EventType "swiss"]
[EventRounds "11"]
[EventCountry "ENG"]
[SourceTitle "CBM 119 Extra"]
[Source "ChessBase"]
[SourceDate "2007.09.04"]
[SourceVersion "1"]
[SourceVersionDate "2007.09.04"]
[SourceQuality "1"]

1. g3 Nf6 2. Bg2 d5 3. d3 g6 4. b4 Bg7 5. Bb2 0-0 6. Nd2 c6 7. c4 d4 8. Ngf3 Ne8 9. 0-0 e5 10. Qc2 Qe7 11. a3 Be6 12. e3 dxe3 13. fxe3 Nd7 14. d4 exd4 15. exd4 Bf5 16. Qb3 Nd6 17. Rae1 Qd8 18. c5 Nb5 19. Nc4 Be6 20. a4 Nc7 21. Qc2 Bxc4 22. Qxc4 Nd5 23. Bc1 Qc7 24. b5 Rae8 25. Bd2 h6 26. a5 N7f6 27. Ne5 Nd7 28. Nxd7 Qxd7 29. a6 Ne7 30. axb7 Bxd4+ 31. Kh1 Bg7 32. bxc6 Nxc6 33. Qb5 Qxd2 34. Rxe8 Rxe8 35. Qxc6 Qe2 36. Qd7 Qe6 37. Qxe6 fxe6 38. c6 Be5 39. Rd1 a5 40. Rd7 1-0

[Event "Durham op"]
[Site "Durham"]
[Date "2003.??.??"]
[Round "4"]
[White "Simpson, James"]
[Black "Oswald, Graeme"]
[Result "0-1"]
[WhiteElo "2265"]
[BlackElo "2147"]
[PlyCount "100"]
[EventDate "2003.??.??"]
[EventType "swiss"]
[EventRounds "5"]
[EventCountry "ENG"]
[SourceTitle "EXT 2005"]
[Source "ChessBase"]
[SourceDate "2004.11.15"]
[SourceVersion "1"]
[SourceVersionDate "2004.11.15"]
[SourceQuality "1"]

1. d4 Nf6 2. Nf3 e6 3. g3 d5 4. Bg2 Be7 5. 0-0 0-0 6. c4 a5 7. Nc3 dxc4 8. Ne5 Nc6 9. Nxc6 bxc6 10. Bxc6 Ra6 11. Bg2 Nd5 12. a3 Bb7 13. e4 Nxc3 14. bxc3 c5 15. Be3 cxd4 16. Bxd4 Qa8 17. Qe2 Rc8 18. Rfd1 f6 19. Qg4 Rd8 20. Qe2 Rc8 21. f3 Bc6 22. Be3 Ba4 23. Rd2 e5 24. Bh3 Rc7 25. Qf2 Qc6 26. Rd5 Qb7 27. Qd2 Kf7 28. Bf1 Qb3 29. Qc1 Qc2 30. Qe1 Qb2 31. Rd2 Qxc3 32. Rc1 Qb3 33. Rdc2 Qxc2 34. Rxc2 Bxc2 35. Qc3 Bb3 36. f4 Bxa3 37. Bxc4+ Bxc4 38. Qxa3 a4 39. fxe5 fxe5 40. Bg5 Be6 41. Kf2 Rc2+ 42. Ke1 Rb6 43. Qe7+ Kg6 44. Bd2 Rb1+ 45. Ke2 Bc4+ 46. Kf3 Rxd2 47. Qxe5 Rf1+ 48. Kg4 Rxh2 49. Qe8+ Bf7 50. Qc6+ Rf6 0-1

[Event "BCF-ch 88th"]
[Site "Scarborough"]
[Date "2001.08.09"]
[Round "10"]
[White "Oswald, Graeme"]
[Black "Trent, Lawrence"]
[Result "1/2-1/2"]
[WhiteElo "2195"]
[BlackElo "2249"]
[PlyCount "132"]
[EventDate "2001.07.30"]
[EventType "swiss"]
[EventRounds "11"]
[EventCountry "ENG"]
[SourceTitle "CBM 083 Extra"]
[Source "ChessBase"]
[SourceDate "2001.09.11"]
[SourceVersion "1"]
[SourceVersionDate "2001.09.11"]
[SourceQuality "1"]

1. g3 Nf6 2. Bg2 d5 3. d3 e6 4. Nf3 Be7 5. Nc3 0-0 6. Bg5 Nbd7 7. e4 h6 8. Bf4 Bb4 9. e5 Ne8 10. h4 c5 11. 0-0 a6 12. Qe2 Ba5 13. Nd1 Bc7 14. Bh3 Nb8 15. Ne3 f6 16. exf6 Bxf4 17. fxg7 Nxg7 18. gxf4 Rxf4 19. Ng2 Rf6 20. Ne5 Nc6 21. Ng4 Rf8 22. Qe3 h5 23. Ne5 Nd4 24. c3 Ndf5 25. Bxf5 Rxf5 26. d4 cxd4 27. cxd4 Bd7 28. f4 Be8 29. Rf3 Rc8 30. Rg3 Qb6 31. b3 Kh7 32. Kh1 Rf6 33. Rxg7+ Kxg7 34. Rg1 Qb4 35. Ne1+ Kh7 36. N1d3 Qf8 37. Rg5 Rf5 38. Nf3 Qf6 39. Qd2 Kh8 40. Qb4 Rc7 41. Qb6 Rxg5 42. hxg5 Qd8 43. Qxe6 Qe7 44. Qxe7 Rxe7 45. Nde5 Rc7 46. f5 Rc2 47. f6 Kg8 48. Kg1 Rxa2 49. Nh4 Ra1+ 50. Kg2 Ra2+ 51. Kg3 Rb2 52. g6 Rxb3+ 53. Kf4 Rb1 54. f7+ Bxf7 55. gxf7+ Kg7 56. Nf5+ Kf8 57. Kg5 a5 58. Nd6 Rf1 59. Ng6+ Kg7 60. f8Q+ Rxf8 61. Nxf8 Kxf8 62. Nxb7 a4 63. Kxh5 a3 64. Nc5 Ke7 65. Kg5 Kd6 66. Kf6 Kc6 1/2-1/2

[Event "BCF-ch 88th"]
[Site "Scarborough"]
[Date "2001.08.06"]
[Round "7"]
[White "Oswald, Graeme"]
[Black "Moore, Gerald C"]
[Result "1/2-1/2"]
[WhiteElo "2195"]
[BlackElo "2194"]
[PlyCount "148"]
[EventDate "2001.07.30"]
[EventType "swiss"]
[EventRounds "11"]
[EventCountry "ENG"]
[SourceTitle "CBM 083 Extra"]
[Source "ChessBase"]
[SourceDate "2001.09.11"]
[SourceVersion "1"]
[SourceVersionDate "2001.09.11"]
[SourceQuality "1"]

1. g3 e5 2. Bg2 d6 3. c4 g6 4. Nc3 Bg7 5. e3 Nf6 6. Nge2 0-0 7. 0-0 Re8 8. d3 Nbd7 9. Rb1 Nf8 10. b4 h5 11. Bd2 N8h7 12. f4 h4 13. e4 hxg3 14. Nxg3 exf4 15. Rxf4 Ng5 16. Nce2 Ne6 17. Rf1 Ng4 18. Qc1 Qh4 19. h3 Ne5 20. Rb3 Nc6 21. Kh2 Ncd4 22. Nxd4 Nxd4 23. Bg5 Qxg3+ 24. Kxg3 Ne2+ 25. Kf2 Nxc1 26. Bxc1 Bd4+ 27. Be3 Bxe3+ 28. Kxe3 Kg7 29. h4 Rh8 30. Rh1 Be6 31. Ra3 c6 32. Kf4 f6 33. Bf3 a6 34. c5 Rad8 35. h5 g5+ 36. Kg3 f5 37. exf5 Bxf5 38. Be4 Bxe4 39. dxe4 d5 40. e5 d4 41. Kg4 Rhe8 42. h6+ Kh7 43. Kxg5 Rxe5+ 44. Kf6 Re2 45. Rd1 Rf8+ 46. Kg5 Rg2+ 47. Kh4 Rf4+ 48. Kh3 Rgg4 49. Rg3 Rh4+ 50. Kg2 Kxh6 51. Re1 Rhg4 52. Rxg4 Rxg4+ 53. Kf3 Rh4 54. Re4 Rh2 55. Rxd4 Rxa2 56. Rd7 a5 57. Rxb7 axb4 58. Rb6 Rc2 59. Rxc6+ Kg7 60. Ke4 Kf7 61. Kd5 b3 62. Rb6 b2 63. Kd6 Rd2+ 64. Kc7 Ke7 65. c6 Rc2 66. Rb3 Ke6 67. Rb5 Ke7 68. Kb7 Kd8 69. Rb3 Ke7 70. c7 Kd7 71. Rd3+ Ke7 72. Rb3 Kd7 73. Rd3+ Ke7 74. Rb3 Kd7 1/2-1/2

[Event "BCF-ch 88th"]
[Site "Scarborough"]
[Date "2001.08.04"]
[Round "6"]
[White "Tan, Desmond"]
[Black "Oswald, Graeme"]
[Result "1-0"]
[WhiteElo "2253"]
[BlackElo "2195"]
[PlyCount "97"]
[EventDate "2001.07.30"]
[EventType "swiss"]
[EventRounds "11"]
[EventCountry "ENG"]
[SourceTitle "CBM 083 Extra"]
[Source "ChessBase"]
[SourceDate "2001.09.11"]
[SourceVersion "1"]
[SourceVersionDate "2001.09.11"]
[SourceQuality "1"]

1. e4 c5 2. Nf3 d6 3. d4 cxd4 4. Nxd4 Nf6 5. Nc3 a6 6. Bc4 e6 7. 0-0 b5 8. Bb3 Be7 9. Qf3 Qb6 10. Be3 Qb7 11. Rfe1 0-0 12. Bg5 Bd7 13. Rad1 Nc6 14. Nxc6 Bxc6 15. a3 Qc7 16. Qe2 h6 17. Bc1 Rfe8 18. Rd3 Kh7 19. Rdd1 Nd7 20. Qh5 Rf8 21. Bf4 g5 22. Bc1 Nf6 23. Qe2 Rg8 24. Nd5 Bxd5 25. exd5 e5 26. c3 Bd8 27. a4 Qd7 28. axb5 axb5 29. Bc2+ Kg7 30. Be3 Ng4 31. Qd3 Nf6 32. h3 Rb8 33. Qd2 Kf8 34. Qe2 b4 35. c4 b3 36. Bb1 Ba5 37. Rf1 Bd8 38. c5 Rb4 39. cxd6 Rh4 40. f3 Nh5 41. Bc5 Nf4 42. Qxe5 f6 43. Qf5 Qb5 44. Bf2 h5 45. Rfe1 Nxg2 46. Kxg2 Rf4 47. Qh7 g4 48. Qh6+ Rg7 49. Qxf4 1-0

[Event "Chillingham"]
[Site "Chillingham"]
[Date "1996.??.??"]
[Round "?"]
[White "Burrows, Martin P"]
[Black "Oswald, Graeme"]
[Result "1/2-1/2"]
[WhiteElo "2185"]
[BlackElo "2240"]
[PlyCount "50"]
[EventDate "1996.??.??"]
[EventType "tourn"]
[EventRounds "9"]
[EventCountry "ENG"]
[SourceTitle "EXT 2006"]
[Source "ChessBase"]
[SourceDate "2005.11.24"]
[SourceVersion "1"]
[SourceVersionDate "2005.11.24"]
[SourceQuality "1"]

1. e4 c5 2. Nf3 d6 3. c3 Nf6 4. Bd3 g6 5. 0-0 Bg7 6. Bc2 Nc6 7. h3 0-0 8. Re1 e5 9. d3 h6 10. d4 Nh5 11. dxe5 dxe5 12. Qxd8 Rxd8 13. Nbd2 Nf4 14. Nc4 Be6 15. Ncxe5 Bxe5 16. Nxe5 Nxh3+ 17. gxh3 Nxe5 18. Kg2 Nd3 19. Bxd3 Rxd3 20. Bxh6 Bxh3+ 21. Kh2 Bg4 22. Be3 Re8 23. Bxc5 Rh3+ 24. Kg2 Re5 25. Bd6 Rb5 1/2-1/2